书目信息 |
| 题名: |
国际环境法
|
|
| 作者: | 那力 编著 | |
| 分册: | ||
| 出版信息: | 北京 科学出版社 2005 |
|
| 页数: | 256页 | |
| 开本: | 24cm | |
| 丛书名: | ||
| 单 册: | ||
| 中图分类: | D996.9 | |
| 科图分类: | ||
| 主题词: | 国际法--环境保护法--高等学校--教材 , 国际法 , 环境保护法 | |
| 电子资源: | ||
| ISBN: | 7-03-014998-X | |
| 000 | 00850nam0 2200277 450 | |
| 001 | 002930433 | |
| 005 | 20070805081122.59 | |
| 010 | @a7-03-014998-X@dCNY25.00 | |
| 035 | @a002930433 | |
| 100 | @a20050726d2005 em y0chiy0110 ea | |
| 101 | 0 | @achi |
| 102 | @aCN@b110000 | |
| 105 | @ay zn 000yy | |
| 106 | @ar | |
| 200 | 1 | @a国际环境法@Aguo ji huan jing fa@f那力编著@Fna li bian zhu |
| 210 | @a北京@c科学出版社@d2005 | |
| 215 | @a256页@d24cm | |
| 300 | @a21世纪高等院校教材·法学系列 | |
| 330 | @a本书论述了国际环境法的立法过程,国际环境法重要法律文献,国家的环境权利与义务,自然资源和公共空间的法律地位,环境犯罪等问题。 | |
| 606 | 0 | @a国际法@x环境保护法@x高等学校@j教材 |
| 606 | 0 | @a国际法 |
| 606 | 0 | @a环境保护法 |
| 690 | @aD996.9@v4 | |
| 701 | 0 | @a那力@Ana li@c(女)@4编著 |
| 801 | 0 | @aCN@bNLC@c20070805 |
| 905 | @dD996.9@e89@f5 | |
| 国际环境法/那力编著.-北京:科学出版社,2005 |
| 256页;24cm |
| 21世纪高等院校教材·法学系列 |
| ISBN 7-03-014998-X:CNY25.00 |
| 本书论述了国际环境法的立法过程,国际环境法重要法律文献,国家的环境权利与义务,自然资源和公共空间的法律地位,环境犯罪等问题。 |
| ● |
| 相关链接 |
|
|
|
|
正题名:国际环境法
索取号:D996.9/89
 
预约/预借
| 序号 | 登录号 | 条形码 | 馆藏地/架位号 | 状态 | 备注 |
| 1 | 0851423 | 208514231 | 第一样本阅览室/ [索取号:D996.9/89] | 在馆 | |
| 2 | 0851424 | 208514240 | 第一借阅区/ [索取号:D996.9/89] | 在馆 | |
| 3 | 0851425 | 208514259 | 第一借阅区/ [索取号:D996.9/89] | 在馆 | |
| 4 | 0851426 | 208514268 | 第一借阅区/ [索取号:D996.9/89] | 在馆 | |
| 5 | 0851427 | 208514277 | 第一借阅区/ [索取号:D996.9/89] | 在馆 |